New trends in development theory (Record no. 12987)
[ view plain ]
| 000 -LEADER | |
|---|---|
| fixed length control field | 01868nam a2200361Ia 4500 |
| 001 - CONTROL NUMBER | |
| control field | 9780203835357 |
| 003 - CONTROL NUMBER IDENTIFIER | |
| control field | BD-DhSAU |
| 005 - DATE AND TIME OF LATEST TRANSACTION | |
| control field | 20151012151723.0 |
| 006 - FIXED-LENGTH DATA ELEMENTS--ADDITIONAL MATERIAL CHARACTERISTICS | |
| fixed length control field | a|||||s||||||||||| |
| 007 - PHYSICAL DESCRIPTION FIXED FIELD--GENERAL INFORMATION | |
| fixed length control field | cr|||| |
| 008 - FIXED-LENGTH DATA ELEMENTS--GENERAL INFORMATION | |
| fixed length control field | 101213t20111985enk sb 001 0 eng d |
| 020 ## - INTERNATIONAL STANDARD BOOK NUMBER | |
| International Standard Book Number | 9780203835357 (e-book : PDF) |
| 040 ## - CATALOGING SOURCE | |
| Original cataloging agency | BD-DhSAU |
| Transcribing agency | BD-DhSAU |
| 090 ## - LOCALLY ASSIGNED LC-TYPE CALL NUMBER (OCLC); LOCAL CALL NUMBER (OCLC) | |
| Classification number (OCLC) (R) ; Classification number, CALL (RLIN) (NR) | HD75 |
| Local cutter number (OCLC) ; Book number/undivided call number, CALL (RLIN) | .P74 2011 |
| 092 ## - LOCALLY ASSIGNED DEWEY CALL NUMBER (OCLC) | |
| Classification number | 338.9001 |
| Item number | P939 |
| 100 1# - MAIN ENTRY--PERSONAL NAME | |
| Personal name | Preston, P. W. |
| Fuller form of name | (Peter Wallace), |
| Dates associated with a name | 1949- |
| 245 10 - TITLE STATEMENT | |
| Title | New trends in development theory |
| Medium | [electronic resource] : |
| Remainder of title | essays in development and social theory / |
| Statement of responsibility, etc. | P.W. Preston. |
| 260 ## - PUBLICATION, DISTRIBUTION, ETC. (IMPRINT) | |
| Place of publication, distribution, etc. | London : |
| Name of publisher, distributor, etc. | Routledge, |
| Date of publication, distribution, etc. | 2011, c1985. |
| 300 ## - PHYSICAL DESCRIPTION | |
| Extent | ix, 203 p. |
| 490 0# - SERIES STATEMENT | |
| Series statement | Routledge library editions. Development ; |
| Volume/sequential designation | v. 108 |
| 500 ## - GENERAL NOTE | |
| General note | First published in 1985. |
| 504 ## - BIBLIOGRAPHY, ETC. NOTE | |
| Bibliography, etc | Includes bibliographical references (p. 195-199) and index. |
| 505 0# - FORMATTED CONTENTS NOTE | |
| Formatted contents note | 1. Some notes on the significance of the career of development studies -- 2. The specificity of social-theoretic engagement : some lessons for 'neo-marxian' studies of development -- 3. Becoming industrialized, being industrial : a brief analysis of a particular planning mode of engagement -- 4. The impact of the 'received model' of natural science upon social theorizing -- 5. Comparative ranking : some approaches to the task of rationally adjudicating between competing ideologies -- 6. The ethico-political notion of development : a memorandum on commitments -- 7. The common sense of development studies : elements of reconsideration. |
| 530 ## - ADDITIONAL PHYSICAL FORM AVAILABLE NOTE | |
| Additional physical form available note | Also available in print edition. |
| 538 ## - SYSTEM DETAILS NOTE | |
| System details note | Mode of access: World Wide Web. |
| 650 #0 - SUBJECT ADDED ENTRY--TOPICAL TERM | |
| Topical term or geographic name as entry element | Economic development. |
| 650 #0 - SUBJECT ADDED ENTRY--TOPICAL TERM | |
| Topical term or geographic name as entry element | Sociology |
| General subdivision | Methodology. |
| 655 #7 - INDEX TERM--GENRE/FORM | |
| Genre/form data or focus term | Electronic books. |
| Source of term | lcsh |
| 776 1# - ADDITIONAL PHYSICAL FORM ENTRY | |
| International Standard Book Number | 9780415602167 |
| 776 1# - ADDITIONAL PHYSICAL FORM ENTRY | |
| International Standard Book Number | 0415602165 |
| 776 1# - ADDITIONAL PHYSICAL FORM ENTRY | |
| International Standard Book Number | 9780415584142 |
| 856 40 - ELECTRONIC LOCATION AND ACCESS | |
| Uniform Resource Identifier | <a href="http://www.tandfebooks.com/isbn/9780203835357">http://www.tandfebooks.com/isbn/9780203835357</a> |
No items available.
